000 00453nam a22001577a 4500
003 OSt
005 20251031105416.0
008 251031b |||||||| |||| 00| 0 eng d
022 _a0040-5639
100 _aGonzalo Villagran, SJ
245 _aLITTLEJOHN, W. BRADFORD:
_bThe Peril and Promise of Christian Liberty
260 _aUSA,
_bSages Publications;
_c2018
300 _aP.210-212
440 _aTheological Studies
_nNo.1
_vVol.79
942 _2lcc
_cART
999 _c205014
_d204974